| 000 | 01008nam a2200337Ia 4500 | ||
|---|---|---|---|
| 001 | 6642 | ||
| 003 | BD-DhEWU | ||
| 005 | 20181204112124.0 | ||
| 008 | 150607s2013 ii g 000 0 e d | ||
| 020 | _a9780070700789 | ||
| 035 | _a(OCoLC) | ||
| 040 |
_aBD-DhEWU _dBD-DhEWU _beng _cBD-DhEWU |
||
| 040 |
_cBD-DhEWU _dBD-DhEWU _aBD-DhEWU _beng |
||
| 041 | _aENG | ||
| 082 | 0 | 4 |
_a338.5024658 _bTHM 2013 |
| 100 | 1 |
_aThomas, Christopher R _919663 |
|
| 245 | 1 | 0 |
_aManagerial Economics / _cChristopher R. Thomas, S. Charles Maurice and Sumit Sarkar. |
| 250 | _a9th ed. | ||
| 260 |
_aNew Delhi: _bMcGraw-Hill Education (India) Private Limited, _c2013. |
||
| 300 |
_axxiii,723 p. : _bill.; _c27 cm. |
||
| 504 | _aAccompanies book with the same title | ||
| 526 | _aBA | ||
| 590 | _aTahur Ahmed | ||
| 650 |
_aEconomics _919664 |
||
| 650 |
_aEconomic theory _919665 |
||
| 700 |
_aMaurice, S. Charles _919666 |
||
| 700 |
_aSarkar, Sumit _919667 |
||
| 942 |
_2ddc _cTEXT _02 |
||
| 953 | _a0 | ||
| 999 |
_c6642 _d6642 |
||
| 999 |
_c6642 _d6642 |
||